Регионална библиотека "Любен Каравелов" - Русе

Канадски ловци (Запис номер 132400)

MARC детайли
000 -Лидер
Контролно поле с фиксирана дължина nam a22 a 4500
003 - Код на организацията, давaща контролен номер
Контролно поле BLK
005 - Дата и час на последна редакция
Контролно поле 20220628161908.0
008 - Елементи от данни с фиксирана дължина
fixed length control field 180409b bul|||||r ||||||| ||bul||
010 ## - Наследен системен номер
LC control number KNG00138266000
040 ## - Източник на каталожния запис
Идентификатор на билиотеката - собственик на записа BLK
041 ## - Код за език
Код за езика на текст/звукозапис или на отделно заглавие Български
Код за езика КДБФ Български
080 ## - УДК
Текстов определител УДК Френска литература
УДК код - определител по УДК 821.133.1
УДК определител -31
УДК - код + определител 821.133.1-31
100 1# - Редна дума - Автор
Автор Бусенар, Луи
Авторска отговорност първи автор
R(LIN) 44117
139 ## - Редно поле
Редна дума Бусенар, Луи
Авторски знак Бурм - Б 89
245 10 - Сведения за заглавието
Заглавие Канадски ловци
Подзаглавни данни Роман
Редно поле (дума) Луи Бусенар; прев. от фр. Алфред Василев Керемидаров; худож. Калина Тасева; худож. Юли Минчев.
257 ## - Страна на издаване
Страна на създаване/издаване Франция
260 ## - Област на издателските данни
Място на издаване, разпространение и проч. София
Име на издателя, разпространителя и проч. Нар. култура
Година на издаване 1971
300 ## - Физическа характеристика
Страници 192 с.
Илюстрации и др. с ил.
Размери/Мащаб 25 см
380 ## - Жанр
Жанр Худож. лит.
490 ## - СЕРИИ (Колекции)
Име на серия Четиво за юноши
9 (RLIN) 203186
500 ## - Общи забележки
Забележка Ориг. загл. Chasseurs canadiens. - Авт. не е отбелязан на кор. - 30 100 тир.
700 1# - Други автори (авторска отговорност)
Лично име Керемидаров, Алфред Василев
Автороска отговорност (Описва отношението между автора и произведението) прев. от фр.
9 (RLIN) 323264
700 1# - Други автори (авторска отговорност)
Лично име Тасева, Калина
Автороска отговорност (Описва отношението между автора и произведението) худож.
9 (RLIN) 377086
700 1# - Други автори (авторска отговорност)
Лично име Минчев, Юли
Автороска отговорност (Описва отношението между автора и произведението) худож.
9 (RLIN) 369700
852 ## - Местоположение
Форматна сигнатура Цб 59717
Фондова буква Хранилище
856 4# - Електронен адрес и достъп
Електронен формат pdf - файл
856 4# - Електронен адрес и достъп
Електронен формат pdf - файл
999 ## - СИСТЕМНИ КОНТРОЛНИ НОМЕРА
Koha biblionumber 132400
Koha biblioitemnumber 132400
942 ## - АРТИКУЛИ
Вид на библиотечния материал Книги
Скрит в OPAC Не
Периодичен библиозапис Да
944 ## - СЪЗДАВАНЕ И РЕДАКЦИЯ на ЗАПИСА
Създаване/Редакция Създаване
Дата на регистрацията/редакция 22.01.2013
Статус, дата на статуса 22.01.2013 - от С1,Р / 22.01.2013
Служител, извършил регистрацията/редакцията Елица_Владова
944 ## - СЪЗДАВАНЕ И РЕДАКЦИЯ на ЗАПИСА
Създаване/Редакция Редакция
Дата на регистрацията/редакция 22.01.2013
Статус, дата на статуса 22.01.2013 - от С1,Р / 22.01.2013
Наличности
Код за отписване Код за изгубен артикул Източник на класификационната схема Код за повреда Коз за рестрикции Код за отдаване Артикулен № Име на библиотеката - собственик Име на библиотеката, в която се намира в момента Статус (Текущо местоположение) Дата на вписване в системата Местоположение - отдел Цена в лева Инвентарен номер Систематично азбучна сигнатура Баркод Номер на екземпляра Цена в евро Служебна бележка Служебен тип на артикула Бележка за публиката
  Не е изгубен Universal Decimal Classification Не е повреден само за читалня ползва се в читалня 215976 Регионална библиотека "Любен Каравелов" Русе Регионална библиотека "Любен Каравелов" Русе Хранилище 1971-01-01 Хранилище 0.73 100613 Цб 59717 120000100613 1 0.37 N: стар фонд Дата: 01.01.1971 Книги  
Изтеглен Не е изгубен   Не е повреден без рестрикции заемане за дома 215977 Регионална библиотека "Любен Каравелов" Русе Регионална библиотека "Любен Каравелов" Русе   1971-01-01 Заемна - подръчен фонд 0.73 102316 П 840-31/Б 89 102316 2 0.37 N: стар фонд Дата: 01.01.1971 Книги Отч.N: 24/2018 , Дата: 26.03.2018
Изтеглен Не е изгубен   Не е повреден без рестрикции заемане за дома 215978 Регионална библиотека "Любен Каравелов" Русе Регионална библиотека "Любен Каравелов" Русе   1971-01-01 Заемна - подръчен фонд 0.73 102317 П 840-31/Б 89 102317 3 0.37 N: стар фонд Дата: 01.01.1971 Книги Отч.N: 24/2018 , Дата: 26.03.2018
Изтеглен Не е изгубен   Не е повреден без рестрикции заемане за дома 215979 Регионална библиотека "Любен Каравелов" Русе Регионална библиотека "Любен Каравелов" Русе   1971-01-01 Заемна - подръчен фонд 0.73 102318 П 840-31/Б 89 102318 4 0.37 N: стар фонд Дата: 01.01.1971 Книги Отч.N: 24/2018 , Дата: 26.03.2018
Изтеглен Не е изгубен   Не е повреден без рестрикции заемане за дома 215980 Регионална библиотека "Любен Каравелов" Русе Регионална библиотека "Любен Каравелов" Русе   1971-01-01 Заемна - подръчен фонд 0.73 102320 П 840-31/Б 89 102320 5 0.37 N: стар фонд Дата: 01.01.1971 Книги Отч.N: 24/2018 , Дата: 26.03.2018
Изтеглен Не е изгубен   Не е повреден без рестрикции заемане за дома 215981 Регионална библиотека "Любен Каравелов" Русе Регионална библиотека "Любен Каравелов" Русе   1971-01-01 Заемна - подръчен фонд 0.73 102321 П 840-31/Б 89 102321 6 0.37 N: стар фонд Дата: 01.01.1971 Книги Отч.N: 24/2018 , Дата: 26.03.2018
Изтеглен Не е изгубен   Не е повреден без рестрикции заемане за дома 215982 Регионална библиотека "Любен Каравелов" Русе Регионална библиотека "Любен Каравелов" Русе   1971-01-01 Заемна - подръчен фонд 0.73 102323 П 840-31/Б 89 102323 7 0.37 N: стар фонд Дата: 01.01.1971 Книги Отч.N: 24/2018 , Дата: 26.03.2018
Изтеглен Не е изгубен Universal Decimal Classification Не е повреден без рестрикции заемане за дома 215983 Регионална библиотека "Любен Каравелов" Русе Регионална библиотека "Любен Каравелов" Русе Заемна - подръчен фонд 1971-01-01 Заемна - подръчен фонд 1.20 177180 П 840-31/Б 89 177180 8 0.61 N: стар фонд Дата: 01.01.1971 Книги  
Vip Innovations Ltd, Rousse, Bulgaria 2025